<?xml version="1.0" encoding="UTF-8"?>
<record
    xmlns:xsi="http://www.w3.org/2001/XMLSchema-instance"
    xsi:schemaLocation="http://www.loc.gov/MARC21/slim http://www.loc.gov/standards/marcxml/schema/MARC21slim.xsd"
    xmlns="http://www.loc.gov/MARC21/slim">

  <leader>02754cam a22005417a 4500</leader>
  <controlfield tag="003">CHAP</controlfield>
  <controlfield tag="005">20220329141837.0</controlfield>
  <controlfield tag="008">971204d1996    mx b    rs   o00110 spa d</controlfield>
  <datafield tag="010" ind1=" " ind2=" ">
    <subfield code="a">74695</subfield>
  </datafield>
  <datafield tag="011" ind1=" " ind2=" ">
    <subfield code="a">75667</subfield>
  </datafield>
  <datafield tag="020" ind1=" " ind2=" ">
    <subfield code="a">970-13-1460-3</subfield>
  </datafield>
  <datafield tag="020" ind1=" " ind2=" ">
    <subfield code="a">970-13-1461-1</subfield>
  </datafield>
  <datafield tag="020" ind1=" " ind2=" ">
    <subfield code="a">970-13-1466-2</subfield>
  </datafield>
  <datafield tag="020" ind1=" " ind2=" ">
    <subfield code="a">9701314646</subfield>
  </datafield>
  <datafield tag="035" ind1=" " ind2=" ">
    <subfield code="a">85235</subfield>
  </datafield>
  <datafield tag="040" ind1=" " ind2=" ">
    <subfield code="c">CHAP</subfield>
  </datafield>
  <datafield tag="082" ind1="0" ind2="4">
    <subfield code="a">338.972</subfield>
    <subfield code="b">I59 1996 Oax.</subfield>
  </datafield>
  <datafield tag="110" ind1="2" ind2=" ">
    <subfield code="a">Instituto Nacional de Estad&#xED;stica, Geograf&#xED;a e Inform&#xE1;tica. M&#xE9;xico</subfield>
    <subfield code="9">59304</subfield>
  </datafield>
  <datafield tag="245" ind1="1" ind2="0">
    <subfield code="a">Cuaderno estad&#xED;stico municipal :</subfield>
    <subfield code="b">Oaxaca</subfield>
    <subfield code="c">/por Instituto Nacional de Estad&#xED;stica, Geograf&#xED;a e Inform&#xE1;tica</subfield>
  </datafield>
  <datafield tag="260" ind1="0" ind2=" ">
    <subfield code="a">Aguascalientes, Ags. :</subfield>
    <subfield code="b">Instituto Nacional de Estad&#xED;stica, Geograf&#xED;a e Inform&#xE1;tica</subfield>
    <subfield code="c">1997-199</subfield>
  </datafield>
  <datafield tag="300" ind1=" " ind2=" ">
    <subfield code="a">v. :</subfield>
    <subfield code="b">gr&#xE1;fs. ; mapas</subfield>
  </datafield>
  <datafield tag="500" ind1=" " ind2=" ">
    <subfield code="a">c. de Cuaderno de informaci&#xF3;n b&#xE1;sica para la planeaci&#xF3;n municipal</subfield>
  </datafield>
  <datafield tag="505" ind1="0" ind2=" ">
    <subfield code="a">La biblioteca tiene : v.1 Ciudad Ixtepec -- v.2 Mat&#xED;as Romero -- v.3 Villa de Zaachila -- v.4 Oaxaca de Ju&#xE1;rez</subfield>
  </datafield>
  <datafield tag="590" ind1=" " ind2=" ">
    <subfield code="a">BATCH-UPD</subfield>
    <subfield code="b">10</subfield>
    <subfield code="c">20130110</subfield>
    <subfield code="l">UCH01</subfield>
    <subfield code="h">0858</subfield>
  </datafield>
  <datafield tag="590" ind1=" " ind2=" ">
    <subfield code="a">BATCH-UPD</subfield>
    <subfield code="b">10</subfield>
    <subfield code="c">20130410</subfield>
    <subfield code="l">UCH01</subfield>
    <subfield code="h">0528</subfield>
  </datafield>
  <datafield tag="590" ind1=" " ind2=" ">
    <subfield code="a">BATCH-UPD</subfield>
    <subfield code="b">10</subfield>
    <subfield code="c">20130914</subfield>
    <subfield code="l">UCH01</subfield>
    <subfield code="h">1501</subfield>
  </datafield>
  <datafield tag="590" ind1=" " ind2=" ">
    <subfield code="a">CONVERSION</subfield>
    <subfield code="b">10</subfield>
    <subfield code="c">20130109</subfield>
    <subfield code="l">UCH01</subfield>
    <subfield code="h">1341</subfield>
  </datafield>
  <datafield tag="650" ind1="1" ind2="4">
    <subfield code="a">Agricultura</subfield>
    <subfield code="x">Estadisticas</subfield>
    <subfield code="z">Oaxaca.</subfield>
    <subfield code="9">1462</subfield>
  </datafield>
  <datafield tag="650" ind1="1" ind2="4">
    <subfield code="a">Ganader&#xED;a</subfield>
    <subfield code="x">Estad&#xED;sticas</subfield>
    <subfield code="z">Oaxaca.</subfield>
    <subfield code="9">44720</subfield>
  </datafield>
  <datafield tag="650" ind1="1" ind2="4">
    <subfield code="a">Oaxaca</subfield>
    <subfield code="x">Condiciones econ&#xF3;micas.</subfield>
    <subfield code="9">82476</subfield>
  </datafield>
  <datafield tag="650" ind1="1" ind2="4">
    <subfield code="a">Oaxaca</subfield>
    <subfield code="x">Condiciones sociales.</subfield>
    <subfield code="9">82478</subfield>
  </datafield>
  <datafield tag="650" ind1="1" ind2="4">
    <subfield code="a">Oaxaca</subfield>
    <subfield code="x">Estad&#xED;sticas.</subfield>
    <subfield code="9">82481</subfield>
  </datafield>
  <datafield tag="901" ind1=" " ind2=" ">
    <subfield code="a">BK</subfield>
  </datafield>
  <datafield tag="905" ind1=" " ind2=" ">
    <subfield code="a">Lilia S&#xE1;nchez G.</subfield>
  </datafield>
  <datafield tag="942" ind1=" " ind2=" ">
    <subfield code="c">LIBRO</subfield>
  </datafield>
  <datafield tag="949" ind1=" " ind2=" ">
    <subfield code="a">338.972 I59 1996 Oax.</subfield>
    <subfield code="b">BC</subfield>
    <subfield code="c">C</subfield>
    <subfield code="d">D_26FAE</subfield>
    <subfield code="e">C</subfield>
    <subfield code="f">v. 2</subfield>
    <subfield code="g">I. c/e</subfield>
    <subfield code="h">92491</subfield>
    <subfield code="i">85235</subfield>
    <subfield code="j">2</subfield>
    <subfield code="s">t</subfield>
    <subfield code="t">20.00</subfield>
  </datafield>
  <datafield tag="949" ind1=" " ind2=" ">
    <subfield code="a">338.972 I59 1996 Oax.</subfield>
    <subfield code="b">BC</subfield>
    <subfield code="c">C</subfield>
    <subfield code="d">D_26FAF</subfield>
    <subfield code="e">C</subfield>
    <subfield code="f">v. 3</subfield>
    <subfield code="g">I. c/e</subfield>
    <subfield code="h">92491</subfield>
    <subfield code="i">85235</subfield>
    <subfield code="j">3</subfield>
    <subfield code="s">t</subfield>
    <subfield code="t">20.00</subfield>
  </datafield>
  <datafield tag="949" ind1=" " ind2=" ">
    <subfield code="a">338.972 I59 1996 Oax.</subfield>
    <subfield code="b">BC</subfield>
    <subfield code="c">C</subfield>
    <subfield code="d">D_26FB0</subfield>
    <subfield code="e">C</subfield>
    <subfield code="f">v. 4</subfield>
    <subfield code="g">I. c/e</subfield>
    <subfield code="h">92491</subfield>
    <subfield code="i">85235</subfield>
    <subfield code="j">4</subfield>
    <subfield code="s">t</subfield>
    <subfield code="t">20.00</subfield>
  </datafield>
  <datafield tag="949" ind1=" " ind2=" ">
    <subfield code="a">338.972 I59 1996 Oax.</subfield>
    <subfield code="b">BC</subfield>
    <subfield code="c">INEGI</subfield>
    <subfield code="d">33724000592796</subfield>
    <subfield code="e">INEGI</subfield>
    <subfield code="f">v.1</subfield>
    <subfield code="g">I. c/e</subfield>
    <subfield code="h">92491</subfield>
    <subfield code="i">85235</subfield>
    <subfield code="s">b</subfield>
    <subfield code="t">20.00</subfield>
  </datafield>
  <datafield tag="949" ind1=" " ind2=" ">
    <subfield code="a">338.972 I59 1996 Oax.</subfield>
    <subfield code="b">BC</subfield>
    <subfield code="c">INEGI</subfield>
    <subfield code="d">33724000592804</subfield>
    <subfield code="e">INEGI</subfield>
    <subfield code="f">v. 2</subfield>
    <subfield code="g">I. c/e</subfield>
    <subfield code="h">92492</subfield>
    <subfield code="i">85235</subfield>
    <subfield code="s">b</subfield>
    <subfield code="t">19.00</subfield>
  </datafield>
  <datafield tag="949" ind1=" " ind2=" ">
    <subfield code="a">338.972 I59 1996 Oax.</subfield>
    <subfield code="b">BC</subfield>
    <subfield code="c">INEGI</subfield>
    <subfield code="d">33724000592812</subfield>
    <subfield code="e">INEGI</subfield>
    <subfield code="f">v. 3</subfield>
    <subfield code="g">I. c/e</subfield>
    <subfield code="h">92493</subfield>
    <subfield code="i">85235</subfield>
    <subfield code="s">b</subfield>
    <subfield code="t">20.00</subfield>
  </datafield>
  <datafield tag="949" ind1=" " ind2=" ">
    <subfield code="a">338.972 I59 1996 Oax.</subfield>
    <subfield code="b">BC</subfield>
    <subfield code="c">INEGI</subfield>
    <subfield code="d">33724000592820</subfield>
    <subfield code="e">INEGI</subfield>
    <subfield code="f">v. 4</subfield>
    <subfield code="g">I. c/e</subfield>
    <subfield code="h">92494</subfield>
    <subfield code="i">85235</subfield>
    <subfield code="s">b</subfield>
    <subfield code="t">21.00</subfield>
  </datafield>
  <datafield tag="949" ind1=" " ind2=" ">
    <subfield code="a">338.972 I59 1996 Oax.</subfield>
    <subfield code="b">BC</subfield>
    <subfield code="c">INEGI</subfield>
    <subfield code="d">33724000684809</subfield>
    <subfield code="e">INEGI</subfield>
    <subfield code="f">v.1 c.2</subfield>
    <subfield code="h">92726</subfield>
    <subfield code="i">85235</subfield>
    <subfield code="s">b</subfield>
  </datafield>
  <datafield tag="949" ind1=" " ind2=" ">
    <subfield code="a">338.972 I59 1996 Oax.</subfield>
    <subfield code="b">BC</subfield>
    <subfield code="c">INEGI</subfield>
    <subfield code="d">33724000684817</subfield>
    <subfield code="e">INEGI</subfield>
    <subfield code="f">v.2 c.2</subfield>
    <subfield code="h">92727</subfield>
    <subfield code="i">85235</subfield>
    <subfield code="s">b</subfield>
  </datafield>
  <datafield tag="949" ind1=" " ind2=" ">
    <subfield code="a">338.972 I59 1996 Oax.</subfield>
    <subfield code="b">BC</subfield>
    <subfield code="c">INEGI</subfield>
    <subfield code="d">33724000684825</subfield>
    <subfield code="e">INEGI</subfield>
    <subfield code="f">v.4 c.3</subfield>
    <subfield code="h">102653</subfield>
    <subfield code="i">85235</subfield>
    <subfield code="s">b</subfield>
  </datafield>
  <datafield tag="949" ind1=" " ind2=" ">
    <subfield code="a">338.972 I59 1996 Oax.</subfield>
    <subfield code="b">BC</subfield>
    <subfield code="c">INEGI</subfield>
    <subfield code="d">33724000684833</subfield>
    <subfield code="e">INEGI</subfield>
    <subfield code="f">v.4 c.2</subfield>
    <subfield code="h">92724</subfield>
    <subfield code="i">85235</subfield>
    <subfield code="s">b</subfield>
  </datafield>
  <datafield tag="949" ind1=" " ind2=" ">
    <subfield code="a">338.972 I59 1996 Oax.</subfield>
    <subfield code="b">BC</subfield>
    <subfield code="c">INEGI</subfield>
    <subfield code="d">852351234</subfield>
    <subfield code="e">INEGI</subfield>
    <subfield code="f">v.3</subfield>
    <subfield code="h">92728</subfield>
    <subfield code="i">85235</subfield>
    <subfield code="s">b</subfield>
  </datafield>
  <datafield tag="999" ind1=" " ind2=" ">
    <subfield code="c">74695</subfield>
    <subfield code="d">74695</subfield>
  </datafield>
  <datafield tag="952" ind1=" " ind2=" ">
    <subfield code="0">0</subfield>
    <subfield code="1">0</subfield>
    <subfield code="2">ddc</subfield>
    <subfield code="4">0</subfield>
    <subfield code="5">1</subfield>
    <subfield code="7">0</subfield>
    <subfield code="8">C</subfield>
    <subfield code="a">BC</subfield>
    <subfield code="b">BC</subfield>
    <subfield code="c">PA_CONSULTA</subfield>
    <subfield code="d">2019-12-31</subfield>
    <subfield code="e">I. c/e</subfield>
    <subfield code="f">LIBRO</subfield>
    <subfield code="l">0</subfield>
    <subfield code="o">338.972 I59 1996 Oax.</subfield>
    <subfield code="p">D_26FAE</subfield>
    <subfield code="r">2019-12-31 00:00:00</subfield>
    <subfield code="t">v. 2</subfield>
    <subfield code="w">2019-12-31</subfield>
    <subfield code="y">LIBRO</subfield>
  </datafield>
  <datafield tag="952" ind1=" " ind2=" ">
    <subfield code="0">0</subfield>
    <subfield code="1">0</subfield>
    <subfield code="2">ddc</subfield>
    <subfield code="4">0</subfield>
    <subfield code="5">1</subfield>
    <subfield code="7">0</subfield>
    <subfield code="8">C</subfield>
    <subfield code="a">BC</subfield>
    <subfield code="b">BC</subfield>
    <subfield code="c">PA_CONSULTA</subfield>
    <subfield code="d">2019-12-31</subfield>
    <subfield code="e">I. c/e</subfield>
    <subfield code="f">LIBRO</subfield>
    <subfield code="l">0</subfield>
    <subfield code="o">338.972 I59 1996 Oax.</subfield>
    <subfield code="p">D_26FAF</subfield>
    <subfield code="r">2019-12-31 00:00:00</subfield>
    <subfield code="t">v. 3</subfield>
    <subfield code="w">2019-12-31</subfield>
    <subfield code="y">LIBRO</subfield>
  </datafield>
  <datafield tag="952" ind1=" " ind2=" ">
    <subfield code="0">0</subfield>
    <subfield code="1">0</subfield>
    <subfield code="2">ddc</subfield>
    <subfield code="4">0</subfield>
    <subfield code="5">1</subfield>
    <subfield code="7">0</subfield>
    <subfield code="8">C</subfield>
    <subfield code="a">BC</subfield>
    <subfield code="b">BC</subfield>
    <subfield code="c">PA_CONSULTA</subfield>
    <subfield code="d">2019-12-31</subfield>
    <subfield code="e">I. c/e</subfield>
    <subfield code="f">LIBRO</subfield>
    <subfield code="l">0</subfield>
    <subfield code="o">338.972 I59 1996 Oax.</subfield>
    <subfield code="p">D_26FB0</subfield>
    <subfield code="r">2019-12-31 00:00:00</subfield>
    <subfield code="t">v. 4</subfield>
    <subfield code="w">2019-12-31</subfield>
    <subfield code="y">LIBRO</subfield>
  </datafield>
  <datafield tag="952" ind1=" " ind2=" ">
    <subfield code="0">0</subfield>
    <subfield code="1">0</subfield>
    <subfield code="2">ddc</subfield>
    <subfield code="4">0</subfield>
    <subfield code="5">1</subfield>
    <subfield code="7">0</subfield>
    <subfield code="8">INEGI</subfield>
    <subfield code="a">BC</subfield>
    <subfield code="b">BC</subfield>
    <subfield code="c">PB_INEGI</subfield>
    <subfield code="d">2019-12-31</subfield>
    <subfield code="e">I. c/e</subfield>
    <subfield code="f">LIBRO</subfield>
    <subfield code="l">0</subfield>
    <subfield code="o">338.972 I59 1996 Oax.</subfield>
    <subfield code="p">33724000684809</subfield>
    <subfield code="r">2019-12-31 00:00:00</subfield>
    <subfield code="t">v.1 c.2</subfield>
    <subfield code="w">2019-12-31</subfield>
    <subfield code="y">LIBRO</subfield>
  </datafield>
  <datafield tag="952" ind1=" " ind2=" ">
    <subfield code="0">0</subfield>
    <subfield code="1">0</subfield>
    <subfield code="2">ddc</subfield>
    <subfield code="4">0</subfield>
    <subfield code="5">1</subfield>
    <subfield code="7">0</subfield>
    <subfield code="8">INEGI</subfield>
    <subfield code="a">BC</subfield>
    <subfield code="b">BC</subfield>
    <subfield code="c">PB_INEGI</subfield>
    <subfield code="d">2019-12-31</subfield>
    <subfield code="e">I. c/e</subfield>
    <subfield code="f">LIBRO</subfield>
    <subfield code="l">0</subfield>
    <subfield code="o">338.972 I59 1996 Oax.</subfield>
    <subfield code="p">33724000684817</subfield>
    <subfield code="r">2019-12-31 00:00:00</subfield>
    <subfield code="t">v.2 c.2</subfield>
    <subfield code="w">2019-12-31</subfield>
    <subfield code="y">LIBRO</subfield>
  </datafield>
  <datafield tag="952" ind1=" " ind2=" ">
    <subfield code="0">0</subfield>
    <subfield code="1">0</subfield>
    <subfield code="2">ddc</subfield>
    <subfield code="4">0</subfield>
    <subfield code="5">1</subfield>
    <subfield code="7">0</subfield>
    <subfield code="8">INEGI</subfield>
    <subfield code="a">BC</subfield>
    <subfield code="b">BC</subfield>
    <subfield code="c">PB_INEGI</subfield>
    <subfield code="d">2019-12-31</subfield>
    <subfield code="e">I. c/e</subfield>
    <subfield code="f">LIBRO</subfield>
    <subfield code="l">0</subfield>
    <subfield code="o">338.972 I59 1996 Oax.</subfield>
    <subfield code="p">33724000684825</subfield>
    <subfield code="r">2019-12-31 00:00:00</subfield>
    <subfield code="t">v.4 c.3</subfield>
    <subfield code="w">2019-12-31</subfield>
    <subfield code="y">LIBRO</subfield>
  </datafield>
  <datafield tag="952" ind1=" " ind2=" ">
    <subfield code="0">0</subfield>
    <subfield code="1">0</subfield>
    <subfield code="2">ddc</subfield>
    <subfield code="4">0</subfield>
    <subfield code="5">1</subfield>
    <subfield code="7">0</subfield>
    <subfield code="8">INEGI</subfield>
    <subfield code="a">BC</subfield>
    <subfield code="b">BC</subfield>
    <subfield code="c">PB_INEGI</subfield>
    <subfield code="d">2019-12-31</subfield>
    <subfield code="e">I. c/e</subfield>
    <subfield code="f">LIBRO</subfield>
    <subfield code="l">0</subfield>
    <subfield code="o">338.972 I59 1996 Oax.</subfield>
    <subfield code="p">33724000684833</subfield>
    <subfield code="r">2019-12-31 00:00:00</subfield>
    <subfield code="t">v.4 c.2</subfield>
    <subfield code="w">2019-12-31</subfield>
    <subfield code="y">LIBRO</subfield>
  </datafield>
  <datafield tag="952" ind1=" " ind2=" ">
    <subfield code="0">0</subfield>
    <subfield code="1">0</subfield>
    <subfield code="2">ddc</subfield>
    <subfield code="4">0</subfield>
    <subfield code="5">1</subfield>
    <subfield code="7">0</subfield>
    <subfield code="8">INEGI</subfield>
    <subfield code="a">BC</subfield>
    <subfield code="b">BC</subfield>
    <subfield code="c">PB_INEGI</subfield>
    <subfield code="d">2019-12-31</subfield>
    <subfield code="f">LIBRO</subfield>
    <subfield code="l">0</subfield>
    <subfield code="o">338.972 I59 1996 Oax.</subfield>
    <subfield code="p">852351234</subfield>
    <subfield code="r">2019-12-31 00:00:00</subfield>
    <subfield code="t">v.3</subfield>
    <subfield code="w">2019-12-31</subfield>
    <subfield code="y">LIBRO</subfield>
  </datafield>
  <datafield tag="952" ind1=" " ind2=" ">
    <subfield code="0">0</subfield>
    <subfield code="1">0</subfield>
    <subfield code="2">ddc</subfield>
    <subfield code="4">0</subfield>
    <subfield code="5">1</subfield>
    <subfield code="7">0</subfield>
    <subfield code="8">INEGI</subfield>
    <subfield code="a">BC</subfield>
    <subfield code="b">BC</subfield>
    <subfield code="c">PB_INEGI</subfield>
    <subfield code="d">2019-12-31</subfield>
    <subfield code="f">LIBRO</subfield>
    <subfield code="l">0</subfield>
    <subfield code="o">338.972 I59 1996 Oax.</subfield>
    <subfield code="p">33724000592796</subfield>
    <subfield code="r">2019-12-31 00:00:00</subfield>
    <subfield code="t">v.1</subfield>
    <subfield code="w">2019-12-31</subfield>
    <subfield code="y">LIBRO</subfield>
  </datafield>
  <datafield tag="952" ind1=" " ind2=" ">
    <subfield code="0">0</subfield>
    <subfield code="1">0</subfield>
    <subfield code="2">ddc</subfield>
    <subfield code="4">0</subfield>
    <subfield code="5">1</subfield>
    <subfield code="7">0</subfield>
    <subfield code="8">INEGI</subfield>
    <subfield code="a">BC</subfield>
    <subfield code="b">BC</subfield>
    <subfield code="c">PB_INEGI</subfield>
    <subfield code="d">2019-12-31</subfield>
    <subfield code="f">LIBRO</subfield>
    <subfield code="l">0</subfield>
    <subfield code="o">338.972 I59 1996 Oax.</subfield>
    <subfield code="p">33724000592804</subfield>
    <subfield code="r">2019-12-31 00:00:00</subfield>
    <subfield code="t">v. 2</subfield>
    <subfield code="w">2019-12-31</subfield>
    <subfield code="y">LIBRO</subfield>
  </datafield>
  <datafield tag="952" ind1=" " ind2=" ">
    <subfield code="0">0</subfield>
    <subfield code="1">0</subfield>
    <subfield code="2">ddc</subfield>
    <subfield code="4">0</subfield>
    <subfield code="5">1</subfield>
    <subfield code="7">0</subfield>
    <subfield code="8">INEGI</subfield>
    <subfield code="a">BC</subfield>
    <subfield code="b">BC</subfield>
    <subfield code="c">PB_INEGI</subfield>
    <subfield code="d">2019-12-31</subfield>
    <subfield code="f">LIBRO</subfield>
    <subfield code="l">0</subfield>
    <subfield code="o">338.972 I59 1996 Oax.</subfield>
    <subfield code="p">33724000592812</subfield>
    <subfield code="r">2019-12-31 00:00:00</subfield>
    <subfield code="t">v. 3</subfield>
    <subfield code="w">2019-12-31</subfield>
    <subfield code="y">LIBRO</subfield>
  </datafield>
  <datafield tag="952" ind1=" " ind2=" ">
    <subfield code="0">0</subfield>
    <subfield code="1">0</subfield>
    <subfield code="2">ddc</subfield>
    <subfield code="4">0</subfield>
    <subfield code="5">1</subfield>
    <subfield code="7">0</subfield>
    <subfield code="8">INEGI</subfield>
    <subfield code="a">BC</subfield>
    <subfield code="b">BC</subfield>
    <subfield code="c">PB_INEGI</subfield>
    <subfield code="d">2019-12-31</subfield>
    <subfield code="f">LIBRO</subfield>
    <subfield code="l">0</subfield>
    <subfield code="o">338.972 I59 1996 Oax.</subfield>
    <subfield code="p">33724000592820</subfield>
    <subfield code="r">2019-12-31 00:00:00</subfield>
    <subfield code="t">v. 4</subfield>
    <subfield code="w">2019-12-31</subfield>
    <subfield code="y">LIBRO</subfield>
  </datafield>
</record>
